| 000 | 01657cam a22003977a 4500 | ||
|---|---|---|---|
| 003 | CHAP | ||
| 005 | 20220329142820.0 | ||
| 008 | 040325s2003 mx ad r 00010 spa d | ||
| 010 | _a88189 | ||
| 011 | _a89161 | ||
| 035 | _a99710 | ||
| 040 | _cCHAP | ||
| 090 | _aTesis | ||
| 100 | 0 | 0 |
_aFlores Escobar, Sandra. _941509 |
| 245 | 1 | 0 |
_aResistencia sistémica adquirida a roya blanca (Puccinia horiana P. Henn.) en el cultivo de crisantemo variedad indianapolis en Santa María Nativitas, Texcoco, Estado de México _c/por Sandra Flores Escobar |
| 260 |
_aChapingo, Méx. : _bEl autor, _c2003 |
||
| 300 |
_a51h. : _bilus. ; gráfs. ; cuadros |
||
| 502 | _aTesis (Ing. Agr. Esp. en Parasitología Agrícola) -- UACH. Departamento de Parasitología Agrícola | ||
| 530 | _aTambién disponible en línea | ||
| 590 |
_aALEPH _b10 _c20130110 _lUCH01 _h1456 |
||
| 590 |
_aBATCH-UPD _b10 _c20130110 _lUCH01 _h0532 |
||
| 590 |
_aBATCH-UPD _b10 _c20130410 _lUCH01 _h0212 |
||
| 590 |
_aBATCH-UPD _b10 _c20130914 _lUCH01 _h1058 |
||
| 590 |
_aBATCH-UPD _b10 _c20140324 _lUCH01 _h1442 |
||
| 590 |
_aBATCH-UPD _b10 _c20141002 _lUCH01 _h0820 |
||
| 590 |
_aCONVERSION _b10 _c20130109 _lUCH01 _h1349 |
||
| 650 | 1 | 4 |
_aCrisantemo _xEnfermedades por hongos. _928951 |
| 650 | 1 | 4 |
_aCrisantemo _xMéxico (Edo.) _928960 |
| 650 | 1 | 4 |
_aCrisantemo _xVariedades resistentes a enfermedades. _928969 |
| 856 |
_3Finding aid _uhttp://10.13.5.2/tesis/99710.pdf _zTeclea aqui |
||
| 901 | _aBK | ||
| 905 | _aMarco A. Mendoza T. | ||
| 942 | _cFOLL | ||
| 949 |
_aTesis _bBC _cTES _d33724000893343 _eTS2 _fc.2 _gDonaciØn _h41587 _i99710 _si |
||
| 949 |
_aTesis _bBC _cTES _d997101 _eTS1 _gDonaciØn _h41586 _i99710 _sb |
||
| 999 |
_c88189 _d88189 |
||